Top 12 NF songs (2025) Billboard Hot 100 - Statistics

General Stats
  • This quiz has been taken 16 times
  • The average score is 9 of 12
Answer Stats
Hint Answer % Correct
6. HOPE HAPPY
100%
1. Perception Let You Down
100%
7. The Search The Search
100%
4. HOPE HOPE
93%
5. Clouds Clouds
86%
3. Perception Lie
86%
2. The Search Time
71%
8. The Search When I Grow Up
64%
12. The Search Leave Me Alone
57%
10. "Single" No Name
57%
9. Clouds LOST
43%
11. HOPE CAREFUL
36%
No matching quizzes found
Score Distribution
Percent of People with Each Score
Percentile by Number Answered
Your Score History
You have not taken this quiz